El contrato de trabajo / (Record no. 119435)

MARC details
000 -LEADER
campo de control de longitud fija 00553nam a2200181 4500
001 - NÚMERO DE CONTROL
campo de control 119435
003 - IDENTIFICADOR DE NÚMERO DE CONTROL
campo de control ES-MaACL
007 - CAMPO FIJO DE DESCRIPCIÓN FÍSICA--INFORMACIÓN GENERAL
campo de control de longitud fija t|
008 - DATOS DE LONGITUD FIJA--INFORMACIÓN GENERAL
campo de control de longitud fija 070214s1932 sp r ||||1| spa d
100 1# - ENTRADA PRINCIPAL--NOMBRE DE PERSONA
Nombre de persona Pérez Lobo, Rafael.
9 (RLIN) 90974
245 13 - MENCIÓN DEL TÍTULO
Título El contrato de trabajo /
Mención de responsabilidad, etc. por Rafael Pérez Lobo.
260 ## - PUBLICACIÓN, DISTRIBUCIÓN, ETC.
Lugar de publicación, distribución, etc. Madrid :
Nombre del editor, distribuidor, etc. Edita e Imp. Castro,
Fecha de publicación, distribución, etc. [1932]
300 ## - DESCRIPCIÓN FÍSICA
Extensión 227 p. ;
Dimensiones 19 cm.
490 1# - MENCIÓN DE SERIE
Mención de serie Biblioteca jurídica del trabajador ;
Designación de volumen o secuencia 1
830 0# - PUNTO DE ACCESO ADICIONAL DE SERIE-TÍTULO UNIFORME
Título uniforme Biblioteca jurídica del trabajador ;
Designación de volumen o secuencia 1
9 (RLIN) 218599
852 ## - LOCALIZACIÓN
Ubicación ES-MaACL
Número de control de estantería C-7027
Holdings
Estatus retirado Estado de pérdida Estado de daño No para préstamo Biblioteca de origen Biblioteca actual Ubicación en estantería Fecha de adquisición Fuente de adquisición Total de préstamos Signatura topográfica completa Código de barras Visto por última vez Precio de reemplazo Tipo de ítem Koha
        Biblioteca del Ateneo de Madrid Biblioteca del Ateneo de Madrid Sala Palomar 17/01/2008     C-7027 1124499 23/02/2023 23/02/2023 Libro impreso